Préfectures et sous-préfectures commençant par la lettre P - Statistiques

Statistiques générales
  • Ce quiz a été pris 126 fois
  • Le résultat moyen est 9 sur 17
Statistiques - réponses
Préf/Sous-préf. % Correct
Paris
97%
Pau
79%
Perpignan
76%
Le {Puy}-{en}-{Velay}
74%
Poitiers
72%
Privas
63%
Périgueux
57%
Pithiviers
56%
Pontarlier
47%
Pontivy
46%
Pamiers
44%
Pointe-à-Pitre
44%
Provins
38%
Parthenay
37%
Palaiseau
31%
Prades
28%
Péronne
26%
Aucun quiz correspondant
Distribution des résultats
% des personnes avec chaque résultat
Percentile par nombre de réponses
Votre historique - résultats
Vous n’avez pas pris ce quiz